000
00217nam a22000857a 4500
008
161219b xxu||||| |||| 00| 0 eng d
100
_9
2127
_a
Kanevskaya E
245
_a
Take it Easy , Leopard I
260
_a
Dnipro
_b
Kiev
_c
1990
999
_c
5009
_d
5009